[Event "IECG RL.2003.0.00005 email"]
[Site "IECG email"]
[Date "2003.04.02"]
[Round "?"]
[White "Redhead, Yru"]
[Black "Bor, Gonchigsuren"]
[Result "0-1"]
[WhiteElo "1176"]
[BlackElo "1517"]
[PlyCount "51"]
[EventDate "2003.04.02"]
[EventType "tourn (corr)"]
[EventRounds "6"]
[SourceTitle "Corr 2024"]
[Source "ChessBase"]
[SourceDate "2023.10.19"]
[SourceVersion "1"]
[SourceVersionDate "2023.10.19"]
[SourceQuality "1"]

1. e4 e5 2. Nf3 Nc6 3. d4 exd4 4. Nxd4 Bb4+ 5. Bd2 Qe7 6. Nxc6 Qxe4+ 7. Qe2 Bxd2+ 8. Nxd2 Qxe2+ 9. Bxe2 dxc6 10. 0-0-0 Nf6 11. h3 0-0 12. Rhe1 Bf5 13. g4 Be6 14. f4 Rad8 15. f5 Bxa2 16. b3 Rfe8 17. Bf3 Rxe1 18. Rxe1 Kf8 19. g5 Nd5 20. Re4 Nb6 21. Rh4 a5 22. Rxh7 Kg8 23. g6 fxg6 24. fxg6 a4 25. Bg4 Rd6 26. Rh5 0-1